000 01246cam a22003015a 4500
001 17789979
005 20150812154449.0
008 130624t2014 maua frb 001 0 eng d
020 _a9780124059320 (paperback : alkaline paper)
020 _a0124059325 (paperback : alkaline paper)
040 _aDLC
_beng
_cDLC
_dDLC
_dEG-ScBUE
050 0 0 _aQA76.585
_b.R68 2014
082 0 4 _a004.6782
_222
_bROU
100 1 _aRountree, Derrick.
_938335
245 1 4 _aThe basics of cloud computing :
_bunderstanding the fundamentals of cloud computing in theory and practice
_cDerrick Rountree, Ileana Castrillo ; technical editor Hai Jiang.
260 _aWaltham :
_bSyngress / Elsevier,
_cc.2014.
300 _axvii, 155 p. :
_bill. ;
_c24 cm.
500 _aIndex : p. 151-155.
504 _aIncludes bibliographical references.
505 0 _aIntroduction to the Cloud -- Laying the Ground Work -- Cloud Deployment Models -- Cloud Service Models -- Making the Decision -- Evaluating Cloud Security -- Operating a Cloud.
650 0 _aCloud computing.
_2BUEsh
_937309
651 _2BUEsh
653 _bCOMSCI
_cJune2015
_cAugust2015
655 _vreading book
_934232
700 1 _aCastrillo, Ileana.
700 1 _aJiang, Hai,
_eeditor.
942 _2ddc
999 _c19809
_d19781